Statistics for Pixelated Country Shapes #1

Click here to take the quiz!

General Stats

  • This quiz has been taken 28,474 times
    (28,267 since last reset)
  • The average score is 10 of 15

Answer Stats

Country % Correct
Italy
98%
Australia
98%
Japan
93%
Vietnam
81%
Chile
80%
Spain
80%
Croatia
71%
Sri Lanka
65%
Papua New Guinea
63%
Somalia
61%
Mali
60%
Panama
52%
D.R. Congo
49%
Pakistan
46%
South Korea
28%

Score Distribution

Percentile by Number Answered

Percent of People with Each Score

Your Score History

You have not taken this quiz since the last reset